Normal view
MARC view
Entry Topical Term
001 - CONTROL NUMBER
- control field: 44302
003 - CONTROL NUMBER IDENTIFIER
- control field: ARRUPE
005 - DATE AND TIME OF LATEST TRANSACTION
- control field: 20190131103120.0
008 - FIXED-LENGTH DATA ELEMENTS
- fixed length control field: 190131|| aca||aabn | a|a d
040 ## - CATALOGING SOURCE
- Original cataloging agency: ARRUPE
- Transcribing agency: ARRUPE
150 ## - HEADING--TOPICAL TERM
- Topical term or geographic name as entry element: Man, prehistoric
- General subdivision: Juvenile literature.
670 ## - SOURCE DATA FOUND
- Source citation: Work cat.: (ARRUPE)0: Hogben, Lancelot Thomas, 1895-1975. 44301, Beginnings and blunders; or, Before science began, 1970